BIBLIOTECA PODER JUDICIAL
Portal Judicial TDF

Contratos de distribución en sentido estricto : (Registro nro. 6367)

000 -LEADER
fixed length control field 01624nab a22002417a 4500
003 - CONTROL NUMBER IDENTIFIER
control field OSt
005 - DATE AND TIME OF LATEST TRANSACTION
control field 20260131214228.0
008 - FIXED-LENGTH DATA ELEMENTS--GENERAL INFORMATION
fixed length control field 190603e xxum|||| |||| 00| 0 spa d
040 ## - CATALOGING SOURCE
Transcribing agency PJ
100 ## - MAIN ENTRY--PERSONAL NAME
9 (RLIN) 7014
Personal name Freier, Martín
245 10 - TITLE STATEMENT
Title Contratos de distribución en sentido estricto :
Remainder of title diferencias con figuras afines, marco legal aplicable y criterio jurisprudencial en materia de preaviso razonable /
Statement of responsibility, etc Martín Freier.
260 ## - PUBLICATION, DISTRIBUTION, ETC. (IMPRINT)
Date of publication, distribution, etc Ciudad Autónoma de Buenos Aires :
Place of publication, distribution, etc Thomson Reuters La Ley,
Name of publisher, distributor, etc 2025.
300 ## - PHYSICAL DESCRIPTION
Extent p. 246-256
500 ## - GENERAL NOTE
General note Cita: TR LALEY AR/DOC/2865/2025 <br/>Publicado en: RCCyC 2025 (Diciembre).
505 ## - FORMATTED CONTENTS NOTE
Formatted contents note Sumario: I. Introducción.— II. Aproximaciones a la noción de los contratos de distribución en sentido estricto.— III. Los contratos de distribución nominados. Tratamiento normativo y diferenciación con los contratos de distribución en sentido estricto.— IV. Tratamiento del contrato de distribución en sentido estricto en el sistema legal argentino.— V. Pautas interpretativas de la Excma. Cámara Nacional de Apelaciones en lo Comercial en materia de preaviso razonable, indemnización sustitutiva de preaviso y aplicación a cada caso concreto.
505 ## - FORMATTED CONTENTS NOTE
Title ¿Te interesa el texto completo? Solicitalo al correo: koha@justierradelfuego.gov.ar
650 #0 - SUBJECT ADDED ENTRY--TOPICAL TERM
Topical term or geographic name as entry element CONTRATOS
9 (RLIN) 3463
650 #0 - SUBJECT ADDED ENTRY--TOPICAL TERM
Topical term or geographic name as entry element CONTRATO DE AGENCIA
9 (RLIN) 4308
650 #0 - SUBJECT ADDED ENTRY--TOPICAL TERM
Topical term or geographic name as entry element LUCRO CESANTE
9 (RLIN) 5470
650 #0 - SUBJECT ADDED ENTRY--TOPICAL TERM
Topical term or geographic name as entry element AUTONOMÍA DE LA VOLUNTAD
9 (RLIN) 3474
773 0# - HOST ITEM ENTRY
Host Biblionumber 2713
Host Itemnumber 3170
Place, publisher, and date of publication Ciudad Autónoma de Buenos Aires : Thomson Reuters La Ley, 2015-
Title Revista Código Civil y Comercial. Nº 6 - Diciembre 2025
942 ## - ADDED ENTRY ELEMENTS (KOHA)
Source of classification or shelving scheme
Koha item type Analítica Artículo de Revista

No hay ítems disponibles.

12 de Octubre 789 Ushuaia - Tel:  54(02901)441571
Horario de Atención: 8.00 a 17.00 hs. 
bibliotecaush@justierradelfuego.gov.ar
koha@justierradelfuego.gov.ar
Seguinos en nuestras redes @bibliojustdf 

Con tecnología Koha